| 000 | 01372cam a2200373 a 4500 | ||
|---|---|---|---|
| 001 | 5596 | ||
| 003 | FISKH | ||
| 005 | 20241219143018.0 | ||
| 008 | 040624s2003 nyua j 000 0beng d | ||
| 010 | _a 2004295216 | ||
| 020 | _a0439561485 (pbk.) | ||
| 020 | _a078073003990 | ||
| 040 |
_aDAJ _cDAJ _dDLC _beng |
||
| 050 | _aE99.P85 | ||
| 082 | _a975.5 | ||
| 100 | 1 | _aWeinberger, Kimberly. | |
| 245 | 1 | 0 |
_aLet's read about-- Pocahontas / _cby Kimberly Weinberger ; illustrated by Stephen Marchesi. |
| 260 |
_aNew York : _bScholastic, _c2003. |
||
| 300 |
_a30 unnumbered pages : _bcolor illustrations ; _c23cm |
||
| 440 | 0 | _aScholastic first biographies | |
| 500 | _aCartwheel books. | ||
| 505 | _aK | ||
| 520 | _aA biography of Pocahontas, the Powhatan Indian woman famous for rescuing John Smith, and who was herself kidnapped and taken to live at Jamestown, where she eventually married colonist John Rolfe. | ||
| 521 | 8 |
_a530
_bLexile |
|
| 521 | 8 |
_aK
_bRaz-Plus |
|
| 600 | 0 | 0 |
_aPocahontas, _d-1617 _vJuvenile literature. |
| 650 | 0 |
_aPowhatan women _vBiography _vJuvenile literature. |
|
| 650 | 0 |
_aPowhatan Indians _xSocial life and customs _vJuvenile literature. |
|
| 650 | 1 |
_aWomen _vBiography. |
|
| 700 | 1 |
_aMarchesi, Stephen, _eillustrator |
|
| 906 |
_a7 _bcbc _ccopycat _d2 _encip _f20 _gy-gencatlg |
||
| 942 |
_2ddc _cBK _n0 |
||
| 999 |
_c5596 _d5596 |
||